[Event "Avoine op 28th"]
[Site "Avoine"]
[Date "2013.07.20"]
[Round "1"]
[White "Peiffer, Edouard"]
[Black "Kambrath, Yannick"]
[Result "0-1"]
[WhiteElo "2045"]
[BlackElo "2267"]
[PlyCount "78"]
[EventDate "2013.07.20"]
[EventType "swiss"]
[EventRounds "9"]
[EventCountry "FRA"]
[SourceTitle "CBM 155 Extra"]
[Source "ChessBase"]
[SourceDate "2013.08.26"]
[SourceVersion "1"]
[SourceVersionDate "2013.08.26"]
[SourceQuality "1"]

1. e4 c5 2. c4 Nc6 3. Ne2 e6 4. Nbc3 Nf6 5. d4 cxd4 6. Nxd4 Bb4 7. Nxc6 bxc6 8. Bd3 e5 9. 0-0 0-0 10. a3 Bxc3 11. bxc3 h6 12. Qc2 Qe7 13. f3 d6 14. Be3 Nd7 15. Qf2 Ba6 16. Rfd1 Rfd8 17. a4 c5 18. Qa2 Rab8 19. a5 Nf8 20. Bc2 Qe6 21. Bd3 Rb7 22. Rab1 Rxb1 23. Rxb1 Nd7 24. Qa4 Rb8 25. Rxb8+ Nxb8 26. Kf2 Kf8 27. Ke2 Ke7 28. Kd2 Qd7 29. Qa3 Nc6 30. Kc2 Qc7 31. Bxc5 dxc5 32. Qxc5+ Ke8 33. Qd5 Bb7 34. Qb5 a6 35. Qb6 Qxb6 36. axb6 Na5 37. Kb2 Kd7 38. Ka3 Kd6 39. Ka4 Nc6 0-1

[Event "Avoine op 26th"]
[Site "Avoine"]
[Date "2011.07.24"]
[Round "2"]
[White "Degremont, Patrick"]
[Black "Peiffer, Edouard"]
[Result "1/2-1/2"]
[WhiteElo "1924"]
[BlackElo "2066"]
[PlyCount "91"]
[EventDate "2011.07.23"]
[EventType "swiss"]
[EventRounds "9"]
[EventCountry "FRA"]
[SourceTitle "EXT 2012"]
[Source "ChessBase"]
[SourceDate "2011.11.24"]
[SourceVersion "1"]
[SourceVersionDate "2011.11.24"]
[SourceQuality "1"]

1. e4 c6 2. d3 d5 3. Nd2 e5 4. Ngf3 Bd6 5. g3 Nf6 6. Bg2 0-0 7. 0-0 d4 8. h3 c5 9. Nh2 Qc7 10. Nc4 b5 11. Nxe5 Bxe5 12. f4 Nc6 13. fxe5 Nxe5 14. Bf4 Nfd7 15. Qh5 g6 16. Qh6 Qd6 17. Rf2 Qe7 18. Nf3 f6 19. Nxe5 Nxe5 20. Bxe5 Qxe5 21. Raf1 Be6 22. b3 Rac8 23. Qf4 Kg7 24. h4 Rf7 25. Kh2 Rcc7 26. Bh3 Bxh3 27. Kxh3 Qe6+ 28. g4 Rce7 29. Kg3 h6 30. h5 g5 31. Qd2 Qd6+ 32. Kh3 Re5 33. Rf5 Rxf5 34. Rxf5 Re7 35. Qf2 Re5 36. Kg2 Kf7 37. Rxe5 Qxe5 38. Qf5 Qxf5 39. gxf5 Ke7 40. Kf2 Kd6 41. Kf3 Kd7 42. Ke2 a5 43. Kf2 a4 44. Kf3 axb3 45. cxb3 b4 46. Kg3 1/2-1/2

[Event "Avoine op 25th"]
[Site "Avoine"]
[Date "2010.07.24"]
[Round "8"]
[White "Stephan, Arthur"]
[Black "Peiffer, Edouard"]
[Result "0-1"]
[WhiteElo "1909"]
[BlackElo "2047"]
[PlyCount "66"]
[EventDate "2010.07.17"]
[EventType "swiss"]
[EventRounds "9"]
[EventCountry "FRA"]
[SourceTitle "EXT 2011"]
[Source "ChessBase"]
[SourceDate "2010.11.26"]
[SourceVersion "1"]
[SourceVersionDate "2010.11.26"]
[SourceQuality "1"]

1. e4 c6 2. d4 d5 3. e5 Bf5 4. Bd3 Bxd3 5. Qxd3 e6 6. Ne2 Qb6 7. 0-0 c5 8. c3 Nc6 9. Na3 Rc8 10. Nc2 Be7 11. Be3 h5 12. Nf4 c4 13. Qe2 g6 14. Nh3 Qc7 15. Qd2 b5 16. Ne1 Rb8 17. Nf3 Bf8 18. Bg5 Bh6 19. Nh4 Bxg5 20. Nxg5 Qe7 21. Rfe1 Nh6 22. Qf4 Nf5 23. Nxf5 gxf5 24. Nf3 Kd7 25. Qg5 Rbg8 26. Qxe7+ Kxe7 27. b4 a5 28. a3 Ra8 29. Kf1 Ra7 30. Reb1 f6 31. exf6+ Kxf6 32. h4 Rb7 33. Rc1 e5 0-1

[Event "Avoine op 25th"]
[Site "Avoine"]
[Date "2010.07.20"]
[Round "4"]
[White "Stephan, Victor"]
[Black "Peiffer, Edouard"]
[Result "1/2-1/2"]
[WhiteElo "2234"]
[BlackElo "2047"]
[PlyCount "119"]
[EventDate "2010.07.17"]
[EventType "swiss"]
[EventRounds "9"]
[EventCountry "FRA"]
[SourceTitle "EXT 2011"]
[Source "ChessBase"]
[SourceDate "2010.11.26"]
[SourceVersion "1"]
[SourceVersionDate "2010.11.26"]
[SourceQuality "1"]

1. c4 c6 2. Nf3 d5 3. d4 Nf6 4. Nbd2 Bf5 5. e3 e6 6. Qb3 Qb6 7. c5 Qc7 8. Qc3 Be7 9. Be2 Nbd7 10. 0-0 Ne4 11. Nxe4 Bxe4 12. Nd2 Bg6 13. f4 Nf6 14. b4 a6 15. a4 Ne4 16. Nxe4 Bxe4 17. Bd2 0-0 18. Ra3 f5 19. Rfa1 Bf6 20. Be1 g5 21. Bg3 Qg7 22. Rd1 Kh8 23. Bf1 Rg8 24. fxg5 Qxg5 25. Qd2 Rg7 26. Qf2 Rag8 27. Rd2 h5 28. Qf4 Qg6 29. Bh4 Bxh4 30. Qxh4 Qh6 31. Qf4 Qf6 32. b5 axb5 33. axb5 Kh7 34. bxc6 bxc6 35. Ra6 Rg4 36. Ra7+ R8g7 37. Rxg7+ Qxg7 38. Qf2 h4 39. h3 Rg3 40. Qf4 Rxh3 41. Ra2 Qg3 42. Ra7+ Kg6 43. Qxg3+ Rxg3 44. Kf2 f4 45. exf4 Bd3 46. Rc7 Bxf1 47. Kxf1 Rd3 48. Rxc6 Kf5 49. Rc8 Kxf4 50. Re8 Rxd4 51. Rxe6 Rc4 52. c6 Kf5 53. Rh6 Ke5 54. Ke2 d4 55. Kd2 Kd5 56. Rh5+ Kxc6 57. Rxh4 Kd5 58. Rh8 Rc3 59. Rh3 Rc8 60. Kd3 1/2-1/2